Agriculture and food safety

Bibliographic Details
Other Authors: Sharma,Ramniwas
Format: Book
Published: New Delhi : Biotech Books , 2006
Subjects:

MARC

LEADER 00000cam a2200000 7i4500
001 0000019045
005 20150427.0
008 080612
020 |a 8176221635 
090 0 0 |a 363.192   |b AGR 
245 1 0 |a Agriculture and food safety   |c editor by Ramniwas Sharma 
260 |a New Delhi :   |b Biotech Books ,   |c 2006 
650 0 |a Agriculture 
650 0 |a Food industry 
700 1 |a Sharma,Ramniwas 
999 |a 0001022765   |b Book   |c Adult Collection   |e Perbadanan Perpustakaan Awam Johor 
999 |a 0001024619   |b Book   |c Adult Collection   |e Perbadanan Perpustakaan Awam Johor